000 00958nam a22002057a 4500
003 JO-AjAnu
005 20251013104524.0
008 251013b jo ||||| |||| 00| 0 ara d
040 _aANU
_cJO-AjAnu
041 _hARA
100 _aخشان، ابي عبدالرحمن محمد
_eمؤلف
_966804
245 _aفرق ومذاهب قديمة ومعاصرة -عقائدها وجذورها الفكرية- ومعه مقدمات علمية حول الاختلاف في المنهج وما اليه
_c / بقلم ابي عبدالرحمن محمد خشان
250 _aط 1
260 _aعمان :
_bجمعية مركز الإمام الالباني للدراسات والابحاث،
_c2018
300 _a244 صفحة
490 _3سلسلة الإصدارات العلمية (17)-الاصدار (78)
500 _aيحتوي هذا الكتاب على آيات قرآنية
650 _vفرق ومذاهب-الاسلام
942 _2lcc
_cBK
_n0
999 _c34072
_d34072